000
00328nam a2200145 a 4500
008
100
_a
LEVI,Primo
245
4
_a
The Periodic Table
907
_a
.b10180722
_b
12-02-07
_c
04-11-05
003
005
20230123134127.0
040
_c
NUST
049
_a
MAIN
942
_c
BOOKS
999
_c
160517
_d
160517